00473nam a2200193 a 4500001001300000003000900013005001700022008004100039020001100080082001600091100001700107245002500124260003200149300000900181500003500190505001000225650002700235700001700262nice12345678IN_TiNIC20260116011256.0050524s1957 bosa grp 000 0 eng  ac81.900a246.55bBEV aBevan, Edwyn aSymbolism and Belief aBostonbBeacon Press c1957 a391p aincludes index and biblioraphy2 aIndex aSymbolism-Christianity1 aBevan, Edwyn